RAJA YOGA (Record no. 24159)

MARC details
000 -LEADER
fixed length control field 00337nam a22001577a 4500
003 - CONTROL NUMBER IDENTIFIER
control field SGT
082 ## - DEWEY DECIMAL CLASSIFICATION NUMBER
Classification number 291.43
Item number R03W
100 ## - MAIN ENTRY--PERSONAL NAME
Personal name WALTERS,J.DONALD
245 ## - TITLE STATEMENT
Title RAJA YOGA
250 ## - EDITION STATEMENT
Edition statement 1ST
260 ## - PUBLICATION, DISTRIBUTION, ETC. (IMPRINT)
Place of publication, distribution, etc DELHI
Name of publisher, distributor, etc MOTILAL BANARSIDAS PUB
Year of Publication 2003
300 ## - PAGE DESCRIPTION
No. of Pages 471
650 ## - SUBJECT ADDED ENTRY--TOPICAL TERM
Topical term or geographic name as entry element YOGA
653 ## - KEYWORDS--INDEX TERM
Keyword term RAJA, YOGA, MEDITATION
942 ## - ADDED ENTRY ELEMENTS (KOHA)
Source of classification or shelving scheme Dewey Decimal Classification
Koha item type Rare Books
Holdings
Withdrawn status Lost status Source of classification or shelving scheme Damaged status Use restrictions Not for loan Collection code Home library Current library Shelving location Date acquired Vendor Name Full call number Accession No. (Barcode) Date last seen Bill Date Koha item type
    Dewey Decimal Classification   Restricted Access   AYURVEDA SGT FA-FP Library SGT FA-FP Library On Display 11/07/2023 GIFTED 291.43 R03W FA12877 11/07/2023 11/07/2023 Rare Books